000 00621nam a2200193 i 4500
001 183413
003 ES-MaACL
005 20250815070200.0
008 140416s1913 it | |||| ||ita d
100 1 _aMedici, Lorenzo de,
_d1449-1492
_9154734
245 1 0 _aOpere.
_nI /
_cLorenzo de' Medici, Il Magnifico ; a cura di Attilio Simioni.
260 _aBari :
_bGius. Laterza & Figli,
_c1913.
300 _a323 p. ;
_c21 cm.
490 1 _aScrittori d'Italia ;
_v54
700 1 _aSimioni, Attilio.
_9154684
830 0 0 _aScrittori d'Italia
_v54
_9191925
852 _aES-MaACL
_jG-3755
999 _c183413
_d183413